Cities that are Names - Statistics

General Stats
  • This quiz has been taken 37 times
  • The average score is 4 of 14
Answer Stats
State Population City % Correct
Texas 885,400 Austin
81%
North Carolina 792,862 Charlotte
69%
Wisconsin 243,344 Madison
63%
Mississippi 172,638 Jackson
53%
Georgia 142,772 Savannah
44%
Oregon 159,190 Eugene
41%
Virginia 148,892 Alexandria
19%
New Jersey 127,558 Elizabeth
16%
North Carolina 151,088 Cary
9%
Washington 124,435 Kent
9%
Massachusetts 108,861 Lowell
9%
Oklahoma 118,197 Norman
9%
Texas 100,233 Tyler
9%
Michigan 134,873 Warren
6%
No matching quizzes found
Score Distribution
Percent of People with Each Score
Percentile by Number Answered
Your Score History
You have not taken this quiz